00437 2200169 4500001002100000005001500021008004100036020001800077035001900095041000700114082001000121090001600131100002100147245004100168260003100209300002700240INLIS00000000000005220241224112117241224||||||||| | ||| |||| || |  a979-543-492-6 0010-1224000052 aid0 a341.7 a341.7 EDD p0 aI Wyan Parthiana00aPengantar Hukum Pidana Internasional aBandungbYrama Widyac2006 a416 hlm.; 15,5 x 24 cm